[Event "12th EUR-ch"]
[Site "Aix-les-Bains FRA"]
[Date "2011.03.28"]
[Round "7.22"]
[White "Nikolic, Predrag"]
[Black "Sutovsky, Emil"]
[Result "0-1"]
[WhiteElo "2596"]
[BlackElo "2692"]
[EventDate "2011.03.22"]
[PlyCount "66"]

1.d4 Nf6 2.Nf3 g6 3.c4 Bg7 4.g3 O-O 5.Bg2 d6 6.O-O Nc6 7.Nc3 Bf5 8.d5 Na5 
9.Nd4 Bd7 10.Qd3 c5 11.Nc2 a6 12.b3 b5 13.Rb1 Rb8 14.Bd2 e6 15.dxe6 Bxe6 
16.Ne3 Qd7 17.Ned5 Ng4 18.Ne4 Nc6 19.h3 f5 20.Ng5 Nge5 21.Qc2 bxc4 22.Nxe6
Qxe6 23.bxc4 Nd4 24.Nf4 Qd7 25.Qd1 Rxb1 26.Qxb1 g5 27.Nh5 Nxe2+ 28.Kh2 f4 
29.gxf4 gxf4 30.Bd5+ Kh8 31.Qe4 Nd4 32.Qg2 Ng6 33.Rb1 Qf5 0-1

[Event "12th EUR-ch"]
[Site "Aix-les-Bains FRA"]
[Date "2011.03.28"]
[Round "7.23"]
[White "Laznicka, Viktor"]
[Black "Tregubov, Pavel"]
[Result "1/2-1/2"]
[WhiteElo "2688"]
[BlackElo "2598"]
[EventDate "2011.03.22"]
[PlyCount "108"]

1.d4 d5 2.c4 e6 3.Nf3 c6 4.e3 Bd6 5.Bd3 f5 6.O-O Nf6 7.b3 Qe7 8.Bb2 O-O 9.
Qc1 Nbd7 10.Ba3 Ne4 11.Bxd6 Qxd6 12.Nc3 b6 13.Ne2 Bb7 14.Qb2 c5 15.Rfd1 
Rad8 16.Rac1 Kh8 17.Nf4 a6 18.dxc5 Ndxc5 19.Bf1 a5 20.cxd5 exd5 21.Rd4 Qf6
22.Rcd1 Rd6 23.a3 h6 24.Qc2 Rfd8 25.b4 axb4 26.axb4 Ne6 27.Nxe6 Qxe6 28.
Qc7 R6d7 29.Qe5 Qxe5 30.Nxe5 Rc7 31.f3 Nc3 32.Ra1 g5 33.Bd3 Kg7 34.f4 Kf6 
35.h3 gxf4 36.exf4 Ra8 37.Rxa8 Bxa8 38.b5 Bb7 39.Kf2 h5 40.g3 Bc8 41.Ke3 
Rc5 42.Rb4 Ne4 43.Ra4 Rc7 44.Ra8 Nxg3 45.Rb8 Bb7 46.Rg8 Rg7 47.Rh8 Ne4 48.
Rh6+ Ke7 49.Rxb6 Nd6 50.Kd4 Ke6 51.h4 Rc7 52.Bxf5+ Kxf5 53.Rxd6 Kxf4 54.
Rh6 Rc2 1/2-1/2

[Event "12th EUR-ch"]
[Site "Aix-les-Bains FRA"]
[Date "2011.03.28"]
[Round "7.25"]
[White "Naiditsch, Arkadij"]
[Black "Buhmann, Rainer"]
[Result "1-0"]
[WhiteElo "2684"]
[BlackElo "2590"]
[EventDate "2011.03.22"]
[PlyCount "85"]

1.c4 e6 2.d4 d5 3.Nc3 c6 4.e4 dxe4 5.Nxe4 Bb4+ 6.Bd2 Qxd4 7.Bxb4 Qxe4+ 8.
Be2 Na6 9.Ba5 b6 10.Qd6 bxa5 11.Rd1 f6 12.f3 Qe3 13.Qxc6+ Kf7 14.Qxa8 Ne7 
15.Qe4 Qb6 16.Qd4 Nc5 17.Nh3 Nf5 18.Qd2 e5 19.Nf2 Ne6 20.Ne4 Ne3 21.c5 Qb4
22.a3 Qxd2+ 23.Rxd2 Nxg2+ 24.Kf2 Ngf4 25.Nd6+ Ke7 26.Nf5+ Kf7 27.Bc4 g6 
28.Ne3 Ke7 29.Nd5+ Nxd5 30.Rxd5 Bb7 31.c6 Bxc6 32.Rxa5 Nd4 33.Rxa7+ Kd6 
34.Rd1 Rc8 35.Ba6 Rb8 36.b4 h5 37.Rf7 Ke6 38.Bc4+ Kf5 39.Rc7 Ba8 40.Rf7 
Rc8 41.Rc1 Rd8 42.Bd3+ Ke6 43.Ra7 1-0

[Event "12th EUR-ch"]
[Site "Aix-les-Bains FRA"]
[Date "2011.03.28"]
[Round "7.26"]
[White "Melkumyan, Hrant"]
[Black "McShane, Luke"]
[Result "0-1"]
[WhiteElo "2593"]
[BlackElo "2683"]
[EventDate "2011.03.22"]
[PlyCount "90"]

1.d4 Nf6 2.c4 g6 3.Nc3 Bg7 4.e4 d6 5.Nf3 O-O 6.Be2 e5 7.O-O Nbd7 8.Re1 c6 
9.Bf1 exd4 10.Nxd4 Re8 11.f3 a6 12.Be3 Ne5 13.a4 Be6 14.Nxe6 fxe6 15.b4 
Nh5 16.Rc1 Rf8 17.Rc2 g5 18.Ne2 Qf6 19.Ng3 Nf4 20.Rd2 a5 21.bxa5 g4 22.
Bxf4 Qxf4 23.Nh5 Qg5 24.Nxg7 Kxg7 25.fxg4 Nxg4 26.e5 Rxa5 27.exd6 Nxh2 28.
Be2 Raf5 29.Kxh2 Rf2 30.Bg4 Rxd2 31.Qa1+ Rf6 32.Bh3 Qf4+ 33.Kh1 Qxd6 34.
Bxe6 Qd4 35.Qxd4 Rxd4 36.a5 Rh4+ 37.Kg1 Rh5 38.Bc8 Rf7 39.Rb1 Rxa5 40.Bxb7
Rc7 41.Rb6 Rc5 42.Rb4 Kf6 43.Kf2 Ke5 44.Ke3 Ra5 45.Rb6 Ra3+ 0-1

[Event "12th EUR-ch"]
[Site "Aix-les-Bains FRA"]
[Date "2011.03.28"]
[Round "7.27"]
[White "Brkic, Ante"]
[Black "Riazantsev, Alexander"]
[Result "1/2-1/2"]
[WhiteElo "2592"]
[BlackElo "2679"]
[EventDate "2011.03.22"]
[PlyCount "65"]

1.e4 c6 2.d4 d5 3.e5 Bf5 4.Nf3 e6 5.Be2 Ne7 6.O-O c5 7.dxc5 Nec6 8.Be3 Nd7
9.c4 dxc4 10.Na3 Bxc5 11.Bxc5 Nxc5 12.Nxc4 O-O 13.Qc1 Nd3 14.Bxd3 Qxd3 15.
Rd1 Qe4 16.Nd6 Qb4 17.a3 Qb6 18.h3 Bg6 19.b4 f6 20.exf6 Rxf6 21.Qc5 Qxc5 
22.bxc5 Bh5 23.Nxb7 Rb8 24.Rab1 Bxf3 25.gxf3 Rxf3 26.Rd6 Na5 27.c6 Rc3 28.
Rd8+ Rxd8 29.Nxd8 Nxc6 30.Nxc6 Rxc6 31.Rb8+ Kf7 32.Rb7+ Kf6 33.Rxa7 
1/2-1/2

[Event "12th EUR-ch"]
[Site "Aix-les-Bains FRA"]
[Date "2011.03.28"]
[Round "7.28"]
[White "Palac, Mladen"]
[Black "Motylev, Alexander"]
[Result "1/2-1/2"]
[WhiteElo "2586"]
[BlackElo "2677"]
[EventDate "2011.03.22"]
[PlyCount "21"]

1.e4 c5 2.Nf3 Nc6 3.d4 cxd4 4.Nxd4 g6 5.c4 Nf6 6.Nc3 d6 7.Be2 Nxd4 8.Qxd4 
Bg7 9.Be3 O-O 10.Qd2 a5 11.Rf1 1/2-1/2

[Event "12th EUR-ch"]
[Site "Aix-les-Bains FRA"]
[Date "2011.03.28"]
[Round "7.29"]
[White "Mastrovasilis, Dimitrios"]
[Black "Sargissian, Gabriel"]
[Result "1/2-1/2"]
[WhiteElo "2584"]
[BlackElo "2676"]
[EventDate "2011.03.22"]
[PlyCount "62"]

1.e4 e5 2.Nf3 Nc6 3.Bb5 Nf6 4.O-O Nxe4 5.Re1 Nd6 6.Nxe5 Be7 7.Bf1 Nf5 8.c3
O-O 9.d4 Nxe5 10.Rxe5 d6 11.Re1 d5 12.Bf4 Nh4 13.Nd2 c6 14.Bd3 Bf5 15.Bxf5
Nxf5 16.Qg4 g6 17.Re2 Re8 18.Rae1 Qd7 19.Nf3 f6 20.Nh4 Bf8 21.Nxf5 Rxe2 
22.Rxe2 Qxf5 23.Qxf5 gxf5 24.Kf1 Kf7 25.Re3 Be7 26.Rh3 Rh8 27.Rh5 Kg6 28.
Rh6+ Kg7 29.Rh5 Kg6 30.Rh6+ Kg7 31.Rh5 Kg6 1/2-1/2

[Event "12th EUR-ch"]
[Site "Aix-les-Bains FRA"]
[Date "2011.03.28"]
[Round "7.30"]
[White "Akopian, Vladimir"]
[Black "Pelletier, Yannick"]
[Result "1/2-1/2"]
[WhiteElo "2675"]
[BlackElo "2593"]
[EventDate "2011.03.22"]
[PlyCount "100"]

1.e4 e6 2.d4 d5 3.Nc3 dxe4 4.Nxe4 Nd7 5.Nf3 Ngf6 6.Bd3 c5 7.O-O Nxe4 8.
Bxe4 Nf6 9.Bg5 cxd4 10.Nxd4 Be7 11.Bf3 O-O 12.Qd3 Qc7 13.Rfe1 Rd8 14.Rad1 
a6 15.Qe3 h6 16.Bf4 Bd6 17.Nb3 Bxf4 18.Rxd8+ Qxd8 19.Qxf4 Qb6 20.Qe3 Qc7 
21.Qc5 Qxc5 22.Nxc5 Kf8 23.Nxb7 Bxb7 24.Bxb7 Rb8 25.Bxa6 Rxb2 26.Ra1 Rxc2 
27.a4 Rc7 28.a5 Ra7 29.Be2 Ke7 30.g3 Nd7 31.f4 Nc5 32.Ra3 Nb7 33.a6 Nc5 
34.Kf2 Kd6 35.Ke3 Kc6 36.Kd4 Kb6 37.Bc4 Rd7+ 38.Kc3 Ne4+ 39.Kb4 Nf6 40.a7 
Rxa7 41.Rxa7 Kxa7 42.Kc5 Ng4 43.Kd6 Nxh2 44.Ke7 g5 45.Be2 g4 46.Kxf7 h5 
47.Bd3 Nf3 48.Kxe6 h4 49.gxh4 Nxh4 50.Be4 g3 1/2-1/2

[Event "12th EUR-ch"]
[Site "Aix-les-Bains FRA"]
[Date "2011.03.28"]
[Round "7.31"]
[White "Ter-Sahakyan, Samvel"]
[Black "Grachev, Boris"]
[Result "1/2-1/2"]
[WhiteElo "2575"]
[BlackElo "2675"]
[EventDate "2011.03.22"]
[PlyCount "71"]

1.e4 e6 2.d4 d5 3.Nc3 Nf6 4.Bg5 dxe4 5.Nxe4 Nbd7 6.Nxf6+ Nxf6 7.Nf3 h6 8.
Bh4 c5 9.Bc4 a6 10.O-O Be7 11.c3 b5 12.Be2 Bb7 13.dxc5 Bxc5 14.a4 Qxd1 15.
Rfxd1 b4 16.cxb4 Bxb4 17.Ne5 g5 18.Bg3 O-O 19.Nc4 Nd5 20.Bf3 Rac8 21.Nd6 
Bxd6 22.Bxd6 Rfd8 23.Be5 Bc6 24.h4 gxh4 25.Kh2 f6 26.Bxd5 Rxd5 27.Bxf6 Rb8
28.Rdc1 Bd7 29.Rc4 e5 30.Bxh4 Rxb2 31.Bg3 a5 32.Re4 Bf5 33.Rxe5 Rxe5 34.
Bxe5 Rxf2 35.Bc3 Be4 36.Bxa5 1/2-1/2

[Event "12th EUR-ch"]
[Site "Aix-les-Bains FRA"]
[Date "2011.03.28"]
[Round "7.32"]
[White "Inarkiev, Ernesto"]
[Black "Jaracz, Pawel"]
[Result "1-0"]
[WhiteElo "2674"]
[BlackElo "2565"]
[EventDate "2011.03.22"]
[PlyCount "80"]

1.e4 c6 2.d4 d5 3.e5 Bf5 4.Nf3 e6 5.Be2 Ne7 6.c3 Nd7 7.O-O Qc7 8.Nh4 Bg6 
9.Nd2 f6 10.exf6 gxf6 11.Bg4 f5 12.Bh3 Nf6 13.Nxg6 hxg6 14.Qe2 Ne4 15.Nxe4
dxe4 16.f3 exf3 17.Rxf3 Kf7 18.Bf4 Qd7 19.g4 Bg7 20.Re1 Rae8 21.Bf1 Nd5 
22.Bg3 Bf6 23.Qf2 b5 24.Bd3 Kg7 25.Qg2 Kf7 26.Kh1 Bh4 27.gxf5 exf5 28.Bxh4
Rxh4 29.Rg1 Qd6 30.Rxf5+ Kg7 31.Rg5 Nf4 32.Rxg6+ Nxg6 33.Bxg6 Rxh2+ 34.
Qxh2 Qxh2+ 35.Kxh2 Rh8+ 36.Bh5+ Kf6 37.Rg6+ Kf5 38.Rxc6 Rxh5+ 39.Kg3 Ke4 
40.Rc5 Rh8 1-0

[Event "12th EUR-ch"]
[Site "Aix-les-Bains FRA"]
[Date "2011.03.28"]
[Round "7.33"]
[White "Zhigalko, Andrey"]
[Black "Nielsen, Peter Heine"]
[Result "1/2-1/2"]
[WhiteElo "2571"]
[BlackElo "2670"]
[EventDate "2011.03.22"]
[PlyCount "59"]

1.e4 e5 2.Nf3 Nc6 3.Bb5 Nf6 4.O-O Bc5 5.Nxe5 Nxe4 6.Qe2 Nxe5 7.d4 Qe7 8.
Qxe4 Nc6 9.Qxe7+ Bxe7 10.c3 a6 11.Bd3 O-O 12.Bf4 d6 13.Re1 Be6 14.Nd2 Rfe8
15.Nc4 Bf6 16.h3 Ne7 17.a4 Nd5 18.Bd2 Red8 19.Na5 Rab8 20.Nc4 c5 21.dxc5 
dxc5 22.Rad1 Nb4 23.Bf1 Nd3 24.Bxd3 Rxd3 25.Bf4 Rbd8 26.Rxd3 Rxd3 27.Nd6 
b6 28.Ne4 Be7 29.Ng5 Bxg5 30.Bxg5 1/2-1/2

[Event "12th EUR-ch"]
[Site "Aix-les-Bains FRA"]
[Date "2011.03.28"]
[Round "7.34"]
[White "Papin, Vasily"]
[Black "Georgiev, Kiril"]
[Result "1/2-1/2"]
[WhiteElo "2569"]
[BlackElo "2666"]
[EventDate "2011.03.22"]
[PlyCount "97"]

1.d4 Nf6 2.c4 e6 3.Nf3 d5 4.Nc3 dxc4 5.e4 Bb4 6.Bg5 h6 7.Bxf6 Qxf6 8.Bxc4 
c5 9.O-O cxd4 10.Nb5 Qe7 11.Qxd4 O-O 12.Nxa7 Bc5 13.Nxc8 Rxc8 14.Qd3 Nc6 
15.Qe2 Nd4 16.Nxd4 Bxd4 17.Bb3 Qf6 18.Rad1 Bxb2 19.f4 Ba3 20.f5 e5 21.Rd7 
Be7 22.Rxb7 Ra7 23.Qb5 Rxb7 24.Qxb7 Rc3 25.Rd1 Bc5+ 26.Kh1 Bd4 27.Rb1 h5 
28.Qd7 Bc5 29.Qe8+ Bf8 30.Rd1 Qe7 31.Qxe7 Bxe7 32.g3 Kf8 33.Rd7 Rc6 34.Rb7
g6 35.fxg6 fxg6 36.Kg2 g5 37.h3 h4 38.a4 Rc3 39.gxh4 gxh4 40.a5 Rg3+ 41.
Kh2 Bc5 42.a6 Bg1+ 43.Kh1 Bd4 44.Ba4 Rxh3+ 45.Kg2 Rg3+ 46.Kh2 Rg7 47.Bd7 
Bg1+ 48.Kh1 Bf2 49.a7 1/2-1/2

[Event "12th EUR-ch"]
[Site "Aix-les-Bains FRA"]
[Date "2011.03.28"]
[Round "7.35"]
[White "Fridman, Daniel"]
[Black "Vocaturo, Daniele"]
[Result "1-0"]
[WhiteElo "2661"]
[BlackElo "2564"]
[EventDate "2011.03.22"]
[PlyCount "81"]

1.d4 Nf6 2.Nf3 e6 3.g3 c5 4.Bg2 cxd4 5.Nxd4 d5 6.c4 e5 7.Nf3 d4 8.O-O Nc6 
9.e3 Be7 10.exd4 exd4 11.a3 a5 12.Re1 O-O 13.Bf4 Qb6 14.Nbd2 Be6 15.Ng5 
Bg4 16.Qb3 Qa7 17.h3 Bh5 18.Bc7 Rae8 19.Nge4 Nxe4 20.Nxe4 Bg6 21.Nd6 Bxd6 
22.Bxd6 Rxe1+ 23.Rxe1 Rc8 24.c5 h6 25.Qc4 Qa8 26.b4 axb4 27.axb4 Re8 28.
Rxe8+ Qxe8 29.b5 d3 30.bxc6 d2 31.cxb7 d1=Q+ 32.Qf1 Qb3 33.c6 Qd8 34.Bf4 
Qdb6 35.b8=Q+ Qxb8 36.Bxb8 Qxb8 37.Qe1 Bf5 38.Qe7 f6 39.Bd5+ Kh8 40.c7 
Qb1+ 41.Kh2 1-0

[Event "12th EUR-ch"]
[Site "Aix-les-Bains FRA"]
[Date "2011.03.28"]
[Round "7.36"]
[White "Popov, Valerij"]
[Black "Smeets, Jan"]
[Result "0-1"]
[WhiteElo "2565"]
[BlackElo "2660"]
[EventDate "2011.03.22"]
[PlyCount "107"]

1.d4 d5 2.c4 c6 3.Nf3 Nf6 4.e3 Bg4 5.h3 Bxf3 6.Qxf3 e6 7.Bd3 Nbd7 8.Nc3 
Bb4 9.Bd2 O-O 10.a3 Ba5 11.cxd5 cxd5 12.O-O Nb8 13.Qe2 Nc6 14.b4 Bc7 15.f4
a5 16.b5 Ne7 17.Rfc1 Bd6 18.Na4 b6 19.Be1 Kh8 20.Bh4 Nfg8 21.Rc6 Rb8 22.
Ra2 f6 23.Rcc2 Qd7 24.Qh5 g6 25.Qe2 Nh6 26.g4 e5 27.Bxf6+ Rxf6 28.dxe5 
Bxe5 29.fxe5 Re6 30.Qf1 Kg8 31.Qf4 Nf7 32.Rf2 Nxe5 33.Bf1 Qd6 34.Rad2 Rc8 
35.Nc3 Nd7 36.Qxd6 Rxd6 37.Na4 Re6 38.Bg2 Rxe3 39.Bxd5+ Nxd5 40.Rxd5 Rc7 
41.Rd6 Rxh3 42.Nxb6 Nxb6 43.Rxb6 Rxa3 44.Rb8+ Kg7 45.b6 Rc4 46.Rb7+ Kh6 
47.g5+ Kxg5 48.Rg2+ Kh6 49.Rh2+ Kg5 50.Rg2+ Rg4 51.Rxh7 Ra2 52.Rxg4+ Kxg4 
53.Ra7 Kg3 54.Kf1 0-1

[Event "12th EUR-ch"]
[Site "Aix-les-Bains FRA"]
[Date "2011.03.28"]
[Round "7.37"]
[White "Smirin, Ilia"]
[Black "Zherebukh, Yaroslav"]
[Result "1/2-1/2"]
[WhiteElo "2658"]
[BlackElo "2560"]
[EventDate "2011.03.22"]
[PlyCount "30"]

1.e4 e5 2.Nf3 Nc6 3.Bb5 Nf6 4.O-O Nxe4 5.d4 Nd6 6.Bxc6 dxc6 7.dxe5 Nf5 8.
Qxd8+ Kxd8 9.Nc3 Bd7 10.Ne2 h6 11.Nf4 g5 12.Nh5 c5 13.b3 Kc8 14.Bb2 Be6 
15.h3 a5 1/2-1/2

[Event "12th EUR-ch"]
[Site "Aix-les-Bains FRA"]
[Date "2011.03.28"]
[Round "7.38"]
[White "Gustafsson, Jan"]
[Black "Rogozenco, Dorian"]
[Result "1/2-1/2"]
[WhiteElo "2647"]
[BlackElo "2553"]
[EventDate "2011.03.22"]
[PlyCount "38"]

1.c4 e5 2.Nc3 Nf6 3.Nf3 Nc6 4.g3 d5 5.cxd5 Nxd5 6.Bg2 Nb6 7.O-O Be7 8.a3 
O-O 9.b4 Re8 10.d3 Bf8 11.Bb2 a5 12.b5 Nd4 13.Nd2 c6 14.bxc6 Nxc6 15.a4 
Bb4 16.Nb5 Bg4 17.h3 Be6 18.Kh2 Qe7 19.Ne4 Red8 1/2-1/2

[Event "12th EUR-ch"]
[Site "Aix-les-Bains FRA"]
[Date "2011.03.28"]
[Round "7.39"]
[White "Sjugirov, Sanan"]
[Black "Maze, Sebastien"]
[Result "1/2-1/2"]
[WhiteElo "2643"]
[BlackElo "2559"]
[EventDate "2011.03.22"]
[PlyCount "45"]

1.e4 e5 2.Nf3 Nc6 3.Bb5 Nf6 4.O-O Nxe4 5.d4 Nd6 6.Bxc6 dxc6 7.dxe5 Nf5 8.
Qxd8+ Kxd8 9.Nc3 h6 10.h3 Ne7 11.Be3 Ke8 12.Rad1 Bd7 13.Rfe1 Rd8 14.a3 a6 
15.Kh2 Bc8 16.Rxd8+ Kxd8 17.Rd1+ Ke8 18.Ba7 Bf5 19.Bb8 Bxc2 20.Rd4 Nd5 21.
Nxd5 cxd5 22.Bxc7 Be4 23.Bd6 1/2-1/2

[Event "12th EUR-ch"]
[Site "Aix-les-Bains FRA"]
[Date "2011.03.28"]
[Round "7.40"]
[White "Pashikian, Arman"]
[Black "Cornette, Matthieu"]
[Result "1/2-1/2"]
[WhiteElo "2642"]
[BlackElo "2548"]
[EventDate "2011.03.22"]
[PlyCount "98"]

1.d4 Nf6 2.c4 g6 3.Nc3 d5 4.cxd5 Nxd5 5.e4 Nxc3 6.bxc3 Bg7 7.Be3 c5 8.Qd2 
O-O 9.Nf3 Qa5 10.Rc1 Rd8 11.d5 e6 12.Bg5 f6 13.Be3 Nc6 14.Bd3 exd5 15.exd5
c4 16.Bxc4 Be6 17.Rd1 Ne7 18.dxe6 Rxd2 19.Rxd2 Qxc3 20.Bb3 Qc1+ 21.Rd1 
Qc3+ 22.Rd2 Qc1+ 23.Rd1 Qc3+ 24.Ke2 Qb4 25.Rd3 a5 26.Rc1 a4 27.Rc4 Qb5 28.
Rc5 Qb4 29.Rc4 Qb5 30.Rc5 Qb4 31.Bc4 Rb8 32.Rd7 Bf8 33.Rcc7 b5 34.Bd3 Qa3 
35.Nd2 Qxa2 36.Rxe7 Bxe7 37.Rxe7 a3 38.Bd4 Kf8 39.Bc5 Kg8 40.Bd4 Kf8 41.
Bc5 Kg8 42.Ke3 f5 43.Bd4 Kf8 44.Bc5 Kg8 45.Bd4 Kf8 46.Bf6 Rb6 47.Rf7+ Ke8 
48.Re7+ Kf8 49.Rf7+ Ke8 1/2-1/2

[Event "12th EUR-ch"]
[Site "Aix-les-Bains FRA"]
[Date "2011.03.28"]
[Round "7.41"]
[White "Anisimov, Pavel"]
[Black "Alexandrov, Alexei"]
[Result "1-0"]
[WhiteElo "2532"]
[BlackElo "2638"]
[EventDate "2011.03.22"]
[PlyCount "136"]

1.d4 Nf6 2.Bg5 d5 3.e3 c5 4.Bxf6 gxf6 5.c4 cxd4 6.exd4 Nc6 7.Nc3 dxc4 8.d5
Ne5 9.Bxc4 Nxc4 10.Qa4+ Bd7 11.Qxc4 Rg8 12.Qe4 f5 13.Qf3 Qb6 14.Nge2 O-O-O
15.O-O e5 16.Rac1 Kb8 17.d6 Bxd6 18.Nd5 Qxb2 19.Nec3 e4 20.Qh5 Be6 21.g3 
Be5 22.Rb1 Qa3 23.Nb5 Qf3 24.Qxf3 exf3 25.Nb4 Bc4 26.Nc6+ bxc6 27.Nd6+ Bb5
28.Nxb5 Ka8 29.Rfe1 Bb8 30.Nc3 Rge8 31.Rxe8 Rxe8 32.Kf1 Bc7 33.Nd1 Re2 34.
Rb2 Re4 35.Rb3 Ba5 36.Ne3 f4 37.gxf4 Rxf4 38.Kg1 c5 39.h3 c4 40.Rb5 Bd2 
41.Nd5 a6 42.Rc5 Rd4 43.Nb6+ Kb7 44.Rxc4 Rd6 45.Na4 Rc6 46.Nc5+ Kc8 47.Rd4
Bc3 48.Rd5 Rg6+ 49.Kh1 a5 50.Nd3 Kc7 51.Ne5 Rh6 52.Rc5+ Kb6 53.Rxc3 Rxh3+ 
54.Kg1 Kb5 55.Nxf3 Rh5 56.Rb3+ Kc5 57.Kf1 a4 58.Rd3 Rh1+ 59.Ke2 Ra1 60.a3 
h5 61.Ne5 f6 62.Nd7+ Kc4 63.Nb6+ Kb5 64.Nd5 h4 65.Nxf6 Ra2+ 66.Kf3 Rb2 67.
Ne4 Kc4 68.Re3 Kd4 1-0

[Event "12th EUR-ch"]
[Site "Aix-les-Bains FRA"]
[Date "2011.03.28"]
[Round "7.42"]
[White "Bartel, Mateusz"]
[Black "Gabrielian, Artur"]
[Result "0-1"]
[WhiteElo "2638"]
[BlackElo "2532"]
[EventDate "2011.03.22"]
[PlyCount "94"]

1.e4 c5 2.Nf3 d6 3.d4 cxd4 4.Nxd4 Nf6 5.Nc3 a6 6.Be3 e6 7.Qf3 Qc7 8.a4 Be7
9.g4 Nc6 10.g5 Nd7 11.Qg3 O-O 12.h4 Nxd4 13.Bxd4 Qa5 14.O-O-O b5 15.axb5 
axb5 16.Bxb5 Qb4 17.Bxd7 Ra1+ 18.Nb1 Bxd7 19.Qb3 Qxb3 20.cxb3 e5 21.Bc3 
Bg4 22.Rd2 f5 23.gxf6 Rxf6 24.b4 Bf3 25.Re1 Rf4 26.b3 Ra8 27.Kb2 Bxe4 28.
Na3 d5 29.Rde2 Rf3 30.Nc4 dxc4 31.Rxe4 Bxb4 32.Rxc4 Rxf2+ 33.Kb1 Bxc3 34.
Rxc3 Raa2 35.Rxe5 Rfb2+ 36.Kc1 Rh2 37.Kb1 Rab2+ 38.Kc1 Ra2 39.Kb1 Rab2+ 
40.Kc1 Rbf2 41.Rd3 Rh1+ 42.Rd1 Rxh4 43.Rd2 Rf3 44.Re8+ Kf7 45.Rb8 Rg4 46.
Kb2 h5 47.Rh8 h4 0-1

[Event "12th EUR-ch"]
[Site "Aix-les-Bains FRA"]
[Date "2011.03.28"]
[Round "7.43"]
[White "Salgado Lopez, Ivan"]
[Black "Dembo, Yelena"]
[Result "1/2-1/2"]
[WhiteElo "2630"]
[BlackElo "2457"]
[EventDate "2011.03.22"]
[PlyCount "70"]

1.e4 c5 2.Nc3 Nc6 3.Nf3 d6 4.g3 g6 5.d4 cxd4 6.Nxd4 Nf6 7.Bg2 Nxd4 8.Qxd4 
Bg7 9.O-O O-O 10.Qc4 Be6 11.Nd5 Rc8 12.Qb3 Nxd5 13.exd5 Bf5 14.c3 Qd7 15.
a4 Rc7 16.a5 Rb8 17.Re1 h6 18.Ra4 Rc5 19.Qd1 Qd8 20.g4 Bd7 21.Rae4 Rxa5 
22.Bf4 Bf8 23.Qd2 Kh7 24.b4 Ra4 25.Qd1 a5 26.h4 axb4 27.cxb4 Rba8 28.h5 
Ra1 29.Bc1 Rc8 30.Qd2 Bg7 31.Bb2 Rxe1+ 32.Rxe1 Bxb2 33.Qxb2 Bxg4 34.hxg6+ 
fxg6 35.Qd4 Bf5 1/2-1/2

[Event "12th EUR-ch"]
[Site "Aix-les-Bains FRA"]
[Date "2011.03.28"]
[Round "7.44"]
[White "Esen, Baris"]
[Black "Vuckovic, Bojan"]
[Result "1/2-1/2"]
[WhiteElo "2528"]
[BlackElo "2626"]
[EventDate "2011.03.22"]
[PlyCount "135"]

1.d4 Nf6 2.c4 g6 3.Nf3 Bg7 4.g3 d5 5.cxd5 Nxd5 6.Bg2 Nb6 7.Nc3 Nc6 8.e3 
O-O 9.O-O Re8 10.d5 Na5 11.Nd4 Bd7 12.Nb3 Nxb3 13.axb3 c6 14.dxc6 Bxc6 15.
Bxc6 bxc6 16.Qc2 Nd5 17.Rd1 Qd6 18.Ra4 Red8 19.e4 Nb4 20.Qe2 Nd3 21.Qf1 
Bd4 22.Rxd3 Bxf2+ 23.Kxf2 Qxd3 24.Qxd3 Rxd3 25.Be3 Rd7 26.Ke2 f6 27.b4 Kf7
28.Ra6 Rb8 29.Na2 Rc8 30.Ra3 Rcd8 31.Nc1 Rd1 32.Rxa7 g5 33.e5 Rh1 34.Nd3 
Rxh2+ 35.Nf2 Ke6 36.exf6 exf6 37.Ra6 Kd5 38.Ra5+ Ke6 39.Ra6 Kd5 40.Ra5+ 
Ke6 41.Rc5 Kd7 42.b5 cxb5 43.Rxb5 Re8 44.Kf3 Re6 45.Bd4 Rd6 46.Ng4 Rh1 47.
Nxf6+ Rxf6+ 48.Bxf6 Rf1+ 49.Kg4 Rxf6 50.Rb7+ Ke8 51.Kxg5 Rg6+ 52.Kh4 Rh6+ 
53.Kg4 Rg6+ 54.Kf3 Rf6+ 55.Kg2 h5 56.Kh3 Rf5 57.Kh4 Rd5 58.b4 Kf8 59.Kh3 
Rd4 60.b5 Rb4 61.b6 Kg8 62.Kg2 Rb3 63.Kf2 Kf8 64.Ke2 Ke8 65.Kd2 Kd8 66.Kc2
Rxg3 67.Rh7 Kc8 68.Kc1 1/2-1/2

[Event "12th EUR-ch"]
[Site "Aix-les-Bains FRA"]
[Date "2011.03.28"]
[Round "7.45"]
[White "Matlakov, Maxim"]
[Black "Smirnov, Artem"]
[Result "1/2-1/2"]
[WhiteElo "2625"]
[BlackElo "2425"]
[EventDate "2011.03.22"]
[PlyCount "90"]

1.d4 Nf6 2.c4 c5 3.Nf3 cxd4 4.Nxd4 e6 5.Nc3 Nc6 6.a3 Bc5 7.e3 d5 8.cxd5 
exd5 9.Be2 O-O 10.O-O Re8 11.Nf3 Bf5 12.Nb5 Ne4 13.b4 Qf6 14.Rb1 Bb6 15.
Bb2 Qh6 16.Nbd4 Bg4 17.Nxc6 bxc6 18.Nd4 Bc7 19.f4 Bd7 20.Rc1 Bb6 21.Bg4 f5
22.Bf3 a5 23.Bxe4 Rxe4 24.Rf3 axb4 25.axb4 Rae8 26.Qb3 Qd6 27.Rg3 R8e7 28.
Rd1 h6 29.Qc3 Qf6 30.Nxc6 Qxc3 31.Nxe7+ Rxe7 32.Bxc3 Bxe3+ 33.Kh1 d4 34.
Bxd4 Bxd4 35.Rgd3 Ba4 36.Rxd4 Bxd1 37.Rxd1 Kf7 38.Rb1 Rb7 39.g3 Ke6 40.Kg2
Kd5 41.Kh3 g5 42.b5 Rb6 43.g4 gxf4 44.gxf5 Ke4 45.Kg4 h5+ 1/2-1/2

[Event "12th EUR-ch"]
[Site "Aix-les-Bains FRA"]
[Date "2011.03.28"]
[Round "7.46"]
[White "Vaisser, Anatoly"]
[Black "Romanov, Evgeny"]
[Result "0-1"]
[WhiteElo "2522"]
[BlackElo "2624"]
[EventDate "2011.03.22"]
[PlyCount "109"]

1.d4 Nf6 2.c4 e6 3.Nc3 Bb4 4.e3 O-O 5.Ne2 d5 6.a3 Bd6 7.c5 Be7 8.Nf4 b6 9.
b4 c6 10.Be2 a5 11.Bd2 Nbd7 12.Nd3 Ba6 13.O-O Qc7 14.f4 Ne4 15.Nxe4 dxe4 
16.Nf2 Bxe2 17.Qxe2 axb4 18.axb4 f5 19.Qc4 Kf7 20.Nxe4 b5 21.Qb3 Rxa1 22.
Rxa1 fxe4 23.f5 Kg8 24.Qxe6+ Rf7 25.Qxe4 Qb7 26.Qd3 Bg5 27.h4 Bxh4 28.e4 
Nf6 29.g3 Bxg3 30.e5 Bh4 31.exf6 Bxf6 32.Bf4 Rf8 33.Rd1 Qf7 34.d5 Qh5 35.
dxc6 Qg4+ 36.Bg3 Be5 37.Qd5+ Kh8 38.Qxe5 Qxd1+ 39.Kg2 Qd2+ 40.Bf2 Qg5+ 41.
Bg3 Qd2+ 42.Bf2 Qxb4 43.c7 Qg4+ 44.Bg3 Qa4 45.Qe6 Qa8+ 46.c6 Qe8 47.Bh4 
Qxe6 48.fxe6 Rc8 49.Bd8 Kg8 50.Kf3 b4 51.Ke4 b3 52.Kd3 h5 53.Kc3 Rxc7 54.
Bh4 Rxc6+ 55.Kxb3 0-1

[Event "12th EUR-ch"]
[Site "Aix-les-Bains FRA"]
[Date "2011.03.28"]
[Round "7.47"]
[White "Can, Emre"]
[Black "Lenic, Luka"]
[Result "0-1"]
[WhiteElo "2487"]
[BlackElo "2623"]
[EventDate "2011.03.22"]
[PlyCount "220"]

1.e4 c6 2.Nc3 d5 3.Nf3 Bg4 4.h3 Bxf3 5.Qxf3 e6 6.Be2 g6 7.d4 Bg7 8.Be3 Nf6
9.e5 Nfd7 10.Bd3 a6 11.Nd1 c5 12.c3 Nc6 13.O-O Qh4 14.Qg4 Qxg4 15.hxg4 Rc8
16.Rc1 h5 17.gxh5 Rxh5 18.f4 Ne7 19.Rc2 Rh8 20.Re2 cxd4 21.cxd4 Nb8 22.Bf2
Nbc6 23.g4 Kd7 24.Nc3 Rh3 25.Re3 Rh7 26.Rg3 Rch8 27.Kg2 Rh2+ 28.Kf3 Nc8 
29.Na4 Bf8 30.Rc1 Kc7 31.Be2 Nb6 32.Nc5 Nd7 33.Nb3 Kb6 34.Bg1 R2h3 35.Rxh3
Rxh3+ 36.Kg2 Rh8 37.Nd2 Be7 38.Bd3 Ka7 39.Be3 Nb4 40.Bb1 Nc6 41.Nf3 Kb8 
42.Rf1 Kc7 43.Ng1 Kd8 44.Ne2 Ke8 45.Rc1 Bd8 46.Nc3 Nb6 47.Bd3 Kd7 48.Be2 
Be7 49.Bf2 Na5 50.Bf3 Nac4 51.Rc2 f5 52.exf6 Bxf6 53.g5 Bg7 54.Be2 Rf8 55.
Kg3 Nd6 56.Bd3 Nf5+ 57.Bxf5 Rxf5 58.Ne2 Rf8 59.Be1 Nc4 60.Kf3 Rc8 61.Bc3 
Nd6 62.Rd2 Rh8 63.Kg2 Nf5 64.Ng3 Bf8 65.Nxf5 exf5 66.Rd3 Bd6 67.Bd2 Rc8 
68.Kf3 Rc2 69.Bc3 Rc1 70.Bd2 Ra1 71.Rb3 b5 72.a3 Rh1 73.Ke2 Rh2+ 74.Ke1 
Bc7 75.Rf3 Bb6 76.Bc3 a5 77.Rd3 Bc7 78.Bd2 Rh1+ 79.Ke2 Rh2+ 80.Ke1 Rh4 81.
Rf3 Bb6 82.Rb3 Kc6 83.Rc3+ Kd6 84.Rb3 Rh1+ 85.Ke2 Rh2+ 86.Ke1 Kc6 87.Rc3+ 
Kb7 88.Rd3 Kc6 89.Rc3+ Kd7 90.Rb3 a4 91.Rd3 Bc7 92.Rf3 Bd6 93.Kd1 Kc6 94.
Rc3+ Kd7 95.Rf3 Bc7 96.Kc1 Bb6 97.Be3 Kc6 98.Rf2 Rxf2 99.Bxf2 b4 100.Kc2 
Kb5 101.Kd3 Bc7 102.Be3 Bd6 103.Bc1 Be7 104.axb4 Kxb4 105.Kc2 Kc4 106.Be3 
Bd8 107.Bf2 Bb6 108.Be3 Bxd4 109.Bd2 Bb6 110.Bc3 Be3 0-1

[Event "12th EUR-ch"]
[Site "Aix-les-Bains FRA"]
[Date "2011.03.28"]
[Round "7.48"]
[White "Macieja, Bartlomiej"]
[Black "Manea, Alexandru"]
[Result "1/2-1/2"]
[WhiteElo "2619"]
[BlackElo "2392"]
[EventDate "2011.03.22"]
[PlyCount "80"]

1.e4 c5 2.Nf3 e6 3.d4 cxd4 4.Nxd4 Nc6 5.Nc3 Qc7 6.Be2 Nf6 7.O-O Be7 8.Kh1 
O-O 9.f4 d6 10.Be3 Nxd4 11.Qxd4 b6 12.Bf3 Bb7 13.Nb5 Qb8 14.Rad1 Rd8 15.c4
a6 16.Nc3 Nd7 17.Qd3 Qc7 18.Rc1 Rac8 19.b3 Qb8 20.a4 Nc5 21.Qb1 Qa8 22.Bd4
Nd7 23.Rfe1 Qb8 24.g3 Bf8 25.Kg2 Bc6 26.b4 Bb7 27.Nd1 Re8 28.Bg1 Qa8 29.
Nf2 a5 30.bxa5 bxa5 31.Nd1 Rc7 32.Nb2 Bc6 33.Qc2 Rb8 34.Bd4 Rcb7 35.Nd3 
Rb3 36.Ra1 g6 37.Nc1 R3b4 38.Nd3 Rb3 39.Nc1 R3b4 40.Nd3 Rb3 1/2-1/2

[Event "12th EUR-ch"]
[Site "Aix-les-Bains FRA"]
[Date "2011.03.28"]
[Round "7.49"]
[White "Bellaiche, Anthony"]
[Black "Ivanisevic, Ivan"]
[Result "0-1"]
[WhiteElo "2472"]
[BlackElo "2617"]
[EventDate "2011.03.22"]
[PlyCount "112"]

1.e4 e5 2.Nf3 Nc6 3.Bb5 a6 4.Ba4 Nge7 5.O-O g6 6.c3 Bg7 7.d4 exd4 8.cxd4 
b5 9.Bb3 d6 10.h3 O-O 11.a4 Bb7 12.Nc3 Na5 13.Bc2 b4 14.Ne2 c5 15.Bf4 Nc4 
16.Qc1 cxd4 17.Bh6 Rc8 18.Bxg7 Kxg7 19.Nfxd4 Nc6 20.Nxc6 Rxc6 21.Bb3 Qe7 
22.Nd4 Rc5 23.Re1 Qf6 24.Bxc4 Qxd4 25.b3 Re5 26.Qd1 Rxe4 27.Qxd4+ Rxd4 28.
Re7 Bd5 29.Bxd5 Rxd5 30.a5 Ra8 31.Rb7 Rc8 32.Rxb4 Rcc5 33.Rb6 Rxa5 34.Rxa6
Rxa1+ 35.Rxa1 Rb5 36.Rd1 d5 37.Rd3 Kf6 38.Kf1 Ke5 39.Re3+ Kd6 40.Ke2 f5 
41.g3 d4 42.Rd3 Kd5 43.h4 Rb7 44.Rf3 Ra7 45.Rd3 Ra3 46.f3 h6 47.Ke1 g5 48.
hxg5 hxg5 49.Kd1 Ra1+ 50.Ke2 Rg1 51.Kf2 Rb1 52.Kg2 Rb2+ 53.Kf1 g4 54.Kg1 
gxf3 55.Rxf3 Ke4 56.Rf4+ Ke3 0-1